000 00540nam a2200181Ia 4500
008 100920s9999 xx 000 0 und d
082 _b101583
_a891.43 न 05
100 _aजौनपूरी वामिक.
245 _aनीला परचम.
260 _bसदानीरा इलाहबाद.
_c2005
300 _a192
_bसाधी
365 _b200
520 _aहिंदी.
630 _aनीला परचम.
650 _aहिंदी.
730 _aनीला परचम.
942 _cBOOK
999 _c742020
_d742017